000
00302nam a2200109Ia 4500
008
200302s9999 xx 000 0 und d
100
_a
Doris Bachmann Madick
245
_a
Cultural turns new orientations in the study of culture
260
_b
Waltr De Gruyter Gmbh Berlin
260
_c
2016
300
_a
302
999
_c
6181
_d
6181